Arte fe y devoción
Պահպանված է:
| Համատեղ հեղինակ: | |
|---|---|
| Ձևաչափ: | Գիրք |
| Լեզու: | անգլերեն իսպաներեն |
| Հրապարակվել է: |
Santiago, Chile
Centro de Extensión Pontificia Universidad Católica de Chile
2014
|
| Շարք: | Colección Joaquín Gandarillas Infante Arte Colonial Americano
|
| Խորագրեր: | |
| Ցուցիչներ: |
Ավելացրեք ցուցիչ
Չկան պիտակներ, Եղեք առաջինը, ով նշում է այս գրառումը!
|
MARC
| LEADER | 00000nam a22000007a 4500 | ||
|---|---|---|---|
| 003 | CL-VaPUC | ||
| 005 | 20230309095702.0 | ||
| 008 | 200121b ||||| |||| 00| 0 eng d | ||
| 999 | |c 379560 |d 379558 | ||
| 040 | |c Pontificia Universidad Católica de Valparaíso | ||
| 041 | 0 | |a spa | |
| 082 | |a 704.9482098 ART 2014 | ||
| 110 | 1 | |a Centro de Extensión Pontificia Universidad Católica de Chile |9 611723 | |
| 245 | 1 | 0 | |a Arte fe y devoción |
| 260 | 3 | |a Santiago, Chile |b Centro de Extensión Pontificia Universidad Católica de Chile |c 2014 | |
| 300 | |a 55 páginas | ||
| 490 | |a Colección Joaquín Gandarillas Infante Arte Colonial Americano | ||
| 583 | |c 20200121 |k Daniel Castañeda | ||
| 650 | 0 | 0 | |a Arte cristiano |9 265204 |
| 650 | 0 | 0 | |a Simbolismo |9 267046 |
| 650 | 0 | 0 | |a Colecciones de arte |9 611724 |
| 650 | 0 | 0 | |a Arte colonial |9 254857 |
| 942 | |2 ddc |c BK | ||
| 952 | |0 0 |1 0 |2 ddc |4 0 |6 704_948209800000000_ART_2014 |7 0 |8 R |9 500138 |a BIBART |b BIBART |d 2020-01-21 |i 5611660 |o 704.9482098 ART 2014 |p 5611660 |r 2025-03-13 |t 1 |w 2020-01-21 |y BK_R |k ART | ||